Tras una noche de espanto / (Record no. 101047)

MARC details
000 -LEADER
campo de control de longitud fija 00734nam a2200229 i 4500
001 - NÚMERO DE CONTROL
campo de control 101047
003 - IDENTIFICADOR DE NÚMERO DE CONTROL
campo de control ES-MaACL
005 - FECHA Y HORA DE LA ÚLTIMA TRANSACCIÓN
campo de control 20230906182818.0
007 - CAMPO FIJO DE DESCRIPCIÓN FÍSICA--INFORMACIÓN GENERAL
campo de control de longitud fija t|
008 - DATOS DE LONGITUD FIJA--INFORMACIÓN GENERAL
campo de control de longitud fija 051011s1958 sp ||||1| spa d
100 1# - ENTRADA PRINCIPAL--NOMBRE DE PERSONA
Nombre de persona Maugham, W. Somerset.
9 (RLIN) 79192
245 10 - MENCIÓN DEL TÍTULO
Título Tras una noche de espanto /
Mención de responsabilidad, etc. por W. Somerset Maugham; [versión castellana de J. Romero de Tejada, Guido Parpagnoli, Isidoro Guerrero].
260 ## - PUBLICACIÓN, DISTRIBUCIÓN, ETC.
Lugar de publicación, distribución, etc. Barcelona :
Nombre del editor, distribuidor, etc. G.P.,
Fecha de publicación, distribución, etc. 1958.
300 ## - DESCRIPCIÓN FÍSICA
Extensión 125 p. ;
Dimensiones 18 cm.
490 1# - MENCIÓN DE SERIE
Mención de serie Libros Plaza
700 1# - ENTRADA AGREGADA--NOMBRE PERSONAL
Nombre de persona Romero de Tejada, J.
9 (RLIN) 99376
700 1# - ENTRADA AGREGADA--NOMBRE PERSONAL
Nombre de persona Parpagnoli, Guido.
9 (RLIN) 89215
700 1# - ENTRADA AGREGADA--NOMBRE PERSONAL
Nombre de persona Guerrero, Isidoro.
9 (RLIN) 60548
830 0# - PUNTO DE ACCESO ADICIONAL DE SERIE-TÍTULO UNIFORME
Título uniforme Libros Plaza
9 (RLIN) 181449
852 ## - LOCALIZACIÓN
Ubicación ES-MaACL
Número de control de estantería C-13742
Sublocalización o colección R.41615
Holdings
Estatus retirado Estado de pérdida Estado de daño No para préstamo Biblioteca de origen Biblioteca actual Ubicación en estantería Fecha de adquisición Fuente de adquisición Total de préstamos Signatura topográfica completa Código de barras Visto por última vez Precio de reemplazo Tipo de ítem Koha
        Biblioteca del Ateneo de Madrid Biblioteca del Ateneo de Madrid Sala Palomar 17/01/2008     C-13742 1105500 23/02/2023 23/02/2023 Libro impreso